000 00274nam a22001337a 4500
008 170323b xxu||||| |||| 00| 0 eng d
020 _a9780763729325
041 _aeng
080 _a616.9
100 _a8
101 _aSHM
245 _aVIRUSES
_cSHORS, T
942 _2udc
_cBK
999 _c8518
_d8518